Statistics for Ligue 1 all time table

Click here to take the quiz!

General Stats

  • This quiz has been taken 57 times
  • The average score is 29 of 76

Answer Stats

PositionAnswerPoints% Correct
1Olympique Marseille4,107
100%
9Paris Saint-Germain3,113
100%
5Olympique Lyon3,591
98%
6LOSC Lille3,263
94%
43Olympique Lillois326
94%
2Bordeaux3,918
93%
3Saint-Étienne3,853
89%
10Nantes3,111
87%
4Monaco3,763
85%
13Strasbourg2,845
83%
12Lens3,001
80%
16Montpellier1,833
80%
8Nice3,152
78%
15Stade Reims2,030
78%
14Metz2,829
70%
24Angers1,397
69%
32Brest690
69%
26Le Havre1,011
67%
17Auxerre1,795
65%
35Lorient663
61%
19Bastia1,601
59%
30Caen784
59%
58Amiens106
56%
67Clermont36
56%
53Grenoble141
56%
38Guingamp572
54%
56Paris FC122
52%
11Stade Rennais3,062
52%
18Nîmes Olympique1,791
50%
33Troyes678
50%
48Dijon206
48%
7Sochaux3,209
48%
21Valenciennes1,463
46%
28Cannes932
43%
39Red Star568
43%
46Le Mans264
35%
25Sedan1,102
35%
29Rouen860
33%
40Toulon529
33%
41AC Ajaccio522
30%
27Toulouse FC965
30%
51Tours170
30%
31Sete705
24%
70Châteauroux31
22%
72Avignon27
20%
71Boulogne31
20%
23AS Nancy-Lorraine1,426
17%
69Istres32
17%
50Thonon Evian171
17%
54Limoges139
15%
57Martigues117
15%
49Mulhouse188
15%
68Beziers33
13%
37Stade Lavallois616
13%
76Hyères16
11%
52Olympique Alès170
11%
62Colmar43
9%
65Gueugnon38
9%
20Racing Club de France1,502
9%
36Stade Français648
9%
55Angoulême123
7%
61Chamois Niortais43
6%
22FC Toulouse1,450
6%
66GFC Ajaccio37
6%
47Antibes238
4%
45Fives268
4%
42Roubaix-Tourcoing473
4%
75Club Français18
2%
34FC Nancy667
2%
64Lyon OU42
2%
74Arlesien20
0%
44Excelsior Roubaix272
0%
63Paris-Charenton43
0%
73Pays d'Aix26
0%
59RC Roubaix98
0%
60SC Nîmes83
0%

Score Distribution

Percentile by Number Answered

Percent of People with Each Score

Your Score History

You have not taken this quiz